| 000 | 01052naa a22002897a 4500 | ||
|---|---|---|---|
| 001 | BR7907462 | ||
| 003 | BR-BrBNA | ||
| 005 | 20240918174510.0 | ||
| 007 | ta | ||
| 008 | 230509b bl.||||| |||| 00| 0 por d | ||
| 040 |
_aBR-BrBNA _bpor _cBiblioteca Nacional de Agricultura |
||
| 041 | _a(Pt) | ||
| 072 |
_aL10 _b5213 |
||
| 090 | _aL10 BR7907462 | ||
| 100 | 1 | _aVale Filho, V.R. do | |
| 111 | 1 |
_a2. Simposio sobre Pecuaria de Corte _cPiracicaba, SP (Brazil) _d4 Jul 1978 |
|
| 245 | 1 | _aUso de touros testados em inseminacao artificial [gado de corte, melhoramento genetico animal] | |
| 260 | 3 |
_aPiracicaba, SP (Brasil): _c1979. |
|
| 500 | _aAnais do 2. Simposio sobre Pecuaria de Corte Piracicaba, SP (Brasil): 1979. p. 327-368 (BR7907462-AM)L10 | ||
| 650 | _aTOURO | ||
| 650 | _aINSEMINACAO ARTIFICIAL | ||
| 650 | _aSEMEN | ||
| 650 | _aFERTILIDADE ANIMAL | ||
| 773 | 0 |
_tAnais do 2. Simposio sobre Pecuaria de Corte _wL10 BR7907462 _gPiracicaba, SP (Brasil), 1979. p. 327-368 |
|
| 909 |
_a202404 _bLucia _c55 _dLucia Elande |
||
| 942 |
_cAM _2AGRIS |
||
| 999 |
_c311614 _d311614 |
||